| 000 | 00526nam a2200193Ia 4500 | ||
|---|---|---|---|
| 005 | 20250520134043.0 | ||
| 008 | 240825s9999 xx 000 0 und d | ||
| 020 |
_a9788180942716 _qhbk |
||
| 041 | _aeng | ||
| 082 | _a330.156 KEY | ||
| 100 | _aKeynes, John Maynard | ||
| 245 | 4 |
_aThe General Theory Of Employment Interest & Money _c/ John Maynard Keynes |
|
| 250 | _a1st ed. | ||
| 260 |
_bMjp, _c2022. _aChennai : |
||
| 300 |
_a384 p. ; _c21cm. _bxxiv ; |
||
| 504 | _aindex | ||
| 650 | _aEconomics | ||
| 942 | _cENGLISH | ||
| 999 |
_c551327 _d551327 |
||